00301nam a2200121Ia 4500008004100000041000800041082001500049100002400064245002100088260002800109300003100137365001100168240624s9999 xx 000 0 und d aeng a658.81 MAL aMALLIK PRADIP KUMAR aSALES MANAGEMENT c2014aNew DelhibOxford axvi, : 492 : p. : cm. ; 26 cRSb31